| 000 | 00752nam a22002057a 4500 | ||
|---|---|---|---|
| 999 |
_c4315 _d4315 |
||
| 003 | AR-CdUCM | ||
| 008 | 190308b ||||| |||| 00| 0 spa d | ||
| 040 |
_aMUNICIPALIDAD PROVINCIAL DEL CUSCO _cBIBLIOTECA MUNICIPAL DEL CUSCO |
||
| 082 |
_a720 / _bV39 |
||
| 100 |
_aVelarde, Héctor _9717 |
||
| 245 | _aArte y Arquitectura / | ||
| 260 |
_aPerú : _bFrancisco Moncloa Editores ; _c1966. |
||
| 300 |
_a270 páginas ; _bFotografías _c21cm |
||
| 505 | _aContenido: La pirámide invertida -- Ecos y reflejos -- Gótico de principio a fin -- Arquitectura metafísica -- La sobriedad del Rococó... | ||
| 650 |
_aArquitectura _93356 |
||
| 650 |
_aConstrucciones _913639 |
||
| 700 |
_aSalazar Bondy, Sebastian _9906 |
||
| 942 |
_2ddc _cLIBROS |
||
| 945 | _anom | ||